000 00437nam a2200193Ia 4500
008 210210b1935 xxu||||| |||| 00| 0 eng d
041 _aeng
082 _a030/23
100 _aCOLLINS (Richard)
245 _aMalayalam dictionary Ed 4
260 _aKottayam
_bNot Mentioned
_c1935
300 _aiv,400
650 _aMalayalam
650 _aEd
650 _adictionary
650 _a4
690 _aDictionaries
906 _a000070
999 _c76598
_d76598